000 00191nam a2200073Ia 4500
008 170817s9999 xx 000 0 und d
100 _aSHARMA R. A.
245 0 _aTEACHING &SOCIAL STUDIES
260 _bINTERNATIONAL PUB. MEERUT
999 _c36534
_d36534